A gliasejtek gyulladásos folyamatokban betöltött szerepük és alaktani fenotípusaik közötti kapcsolatok morfometriai vizsgálata fraktálgeometriai paraméterek alapján [absztrakt] /

Elmentve itt :
Bibliográfiai részletek
Szerzők: Kádár Zalán
Polgár Tamás Ferenc
Spisák Krisztina
Alodah Nora
Nógrádi Bernát
Patai Roland
Testületi szerző: VI. Móra Interdiszciplináris Kárpát-medencei Szakkollégiumi Konferencia
Dokumentumtípus: Könyv része
Megjelent: 2022
Sorozat:Móra Kárpát-medencei Interdiszciplináris Szakkollégiumi Konferencia 6
Kulcsszavak:Sejtbiológia - előadáskivonat
Tárgyszavak:
Online Access:http://acta.bibl.u-szeged.hu/83310
LEADER 01162naa a2200265 i 4500
001 acta83310
005 20240124105204.0
008 240124s2022 hu o 100 hun d
040 |a SZTE Egyetemi Kiadványok Repozitórium  |b hun 
041 |a hun 
100 1 |a Kádár Zalán 
245 1 2 |a A gliasejtek gyulladásos folyamatokban betöltött szerepük és alaktani fenotípusaik közötti kapcsolatok morfometriai vizsgálata fraktálgeometriai paraméterek alapján   |h [elektronikus dokumentum] :  |b [absztrakt] /  |c  Kádár Zalán 
260 |c 2022 
300 |a 15 
490 0 |a Móra Kárpát-medencei Interdiszciplináris Szakkollégiumi Konferencia  |v 6 
650 4 |a Természettudományok 
650 4 |a Biológiai tudományok 
695 |a Sejtbiológia - előadáskivonat 
700 0 1 |a Polgár Tamás Ferenc  |e aut 
700 0 1 |a Spisák Krisztina  |e aut 
700 0 1 |a Alodah Nora  |e aut 
700 0 1 |a Nógrádi Bernát  |e aut 
700 0 1 |a Patai Roland  |e aut 
711 |a VI. Móra Interdiszciplináris Kárpát-medencei Szakkollégiumi Konferencia  |c Szeged  |d 2022. november 4-6. 
856 4 0 |u http://acta.bibl.u-szeged.hu/83310/1/morakonf_2022_015.pdf  |z Dokumentum-elérés